[Event "Schachfestival Open-A 2018"]
[Site "Lueneburg"]
[Date "2018.07.06"]
[Round "2"]
[White "Sebastian, Dirk"]
[Black "Matzat, Andre"]
[Result "1-0"]
[WhiteElo "2447"]
[BlackElo "2081"]
[Annotator "ChessBase"]
[PlyCount "137"]
[EventDate "2018.07.06"]
[EventType "swiss"]
[EventCountry "GER"]
[SourceTitle "playchess.com"]
[Source "ChessBase"]
[SourceQuality "1"]
[TimeControl "40/5400+30:1800+30"]

1. c4 {[%emt 0:00:00]} c5 {[%emt 0:00:00]} 2. g3 {[%emt 0:00:00]} Nc6 {[%emt 0:00:00]} 3. Bg2 {[%emt 0:00:00]} g6 {[%emt 0:00:15]} 4. Nc3 {[%emt 0:00:03]} Bg7 {[%emt 0:00:09]} 5. a3 {[%emt 0:00:19]} d6 {[%emt 0:01:02]} 6. Rb1 {[%emt 0:01:55]} a5 {[%emt 0:00:22]} 7. d3 {[%emt 0:00:51]} e5 {[%emt 0:00:47]} 8. Nf3 {[%emt 0:05:53]} Nge7 {[%emt 0:00:25]} 9. Bd2 {[%emt 0:00:24]} Rb8 {[%emt 0:04:28]} 10. O-O {[%emt 0:01:15]} O-O {[%emt 0:00:08]} 11. Nb5 {[%emt 0:02:06]} d5 {[%emt 0:03:54]} 12. cxd5 {[%emt 0:01:25]} Nxd5 {[%emt 0:00:28]} 13. Ng5 {[%emt 0:14:31]} b6 {[%emt 0:22:46]} 14. Ne4 {[%emt 0:14:03]} h6 {[%emt 0:14:17]} 15. Nbd6 {[%emt 0:25:20]} Be6 {[%emt 0:00:59]} 16. Nc4 {[%emt 0:00:35]} Qd7 {[%emt 0:04:57]} 17. Rc1 {[%emt 0:03:18]} Nd4 {[%emt 0:06:30]} 18. Nc3 {[%emt 0:05:57]} Ne7 {[%emt 0:12:34]} 19. a4 {[%emt 0:04:35]} Kh7 {[%emt 0:02:13]} 20. Be3 {[%emt 0:01:31]} Bh3 {[%emt 0:06:46]} 21. Bxd4 {[%emt 0:00:52]} Bxg2 {[%emt 0:02:27]} 22. Kxg2 {[%emt 0:00:25]} exd4 {[%emt 0:02:38]} 23. Ne4 {[%emt 0:01:31]} Nd5 {[%emt 0:00:55]} 24. Re1 {[%emt 0:02:10]} Rfe8 {[%emt 0:03:43]} 25. Qb3 {[%emt 0:02:17]} Qg4 {[%emt 0:02:34]} 26. Kh1 {[%emt 0:04:48]} Qd7 {[%emt 0:03:49]} 27. Kg1 {[%emt 0:03:32]} f5 {[%emt 0:00:58]} 28. Ned2 {[%emt 0:00:29]} Re6 {[%emt 0:00:21]} 29. Nf3 {[%emt 0:01:30]} Rbe8 {[%emt 0:00:24]} 30. Kf1 {[%emt 0:00:52]} Bf6 {[%emt 0:00:21]} 31. Na3 {[%emt 0:00:43]} Kg7 {[%emt 0:00:35]} 32. Nc4 {[%emt 0:00:29]} h5 {[%emt 0:01:33]} 33. Ncd2 {[%emt 0:00:49]} g5 {[%emt 0:00:42]} 34. Nc4 {[%emt 0:00:46]} g4 {[%emt 0:00:34]} 35. Ng1 {[%emt 0:00:15]} Bg5 {[%emt 0:00:17]} 36. Ra1 {[%emt 0:00:22]} h4 {[%emt 0:00:57]} 37. Qb5 {[%emt 0:01:43]} Qc7 {[%emt 0:01:33]} 38. Qb3 {[%emt 0:00:15]} R8e7 {[%emt 0:00:18]} 39. Nxa5 {[%emt 0:00:39]} Nb4 {[%emt 0:00:58]} 40. Nc4 {[%emt 0:00:11]} Qc6 {[%emt 0:00:14]} 41. f3 {[%emt 0:06:11]} Qc7 {[%emt 0:03:46]} 42. Kg2 {[%emt 0:09:02]} f4 {[%emt 0:02:31]} 43. h3 {[%emt 0:10:31]} fxg3 {[%emt 0:07:01]} 44. e4 {[%emt 0:02:53]} dxe3 {[%emt 0:01:21]} 45. hxg4 {[%emt 0:00:46]} Nd5 {[%emt 0:03:06]} 46. Nh3 {[%emt 0:00:02]} Nf4+ {[%emt 0:01:16]} 47. Nxf4 {[%emt 0:00:02]} Bxf4 {[%emt 0:00:17]} 48. Rh1 {[%emt 0:01:55]} e2 {[%emt 0:00:51]} 49. Rae1 {[%emt 0:01:10]} Bg5 {[%emt 0:00:41]} 50. Qc3+ {[%emt 0:00:19]} Bf6 {[%emt 0:00:24]} 51. Qc1 {[%emt 0:00:43]} Qd7 {[%emt 0:00:54]} 52. g5 {[%emt 0:00:43]} Bd4 {[%emt 0:00:40]} 53. Rxh4 {[%emt 0:00:39]} Bf2 {[%emt 0:00:19]} 54. Qc3+ {[%emt 0:00:32]} Bd4 {[%emt 0:00:56]} 55. Qc2 {[%emt 0:00:29]} Qd5 {[%emt 0:01:21]} 56. Nd2 {[%emt 0:01:24]} Bf2 {[%emt 0:01:10]} 57. d4 {[%emt 0:00:11]} Rg6 {[%emt 0:01:50]} 58. Re4 {[%emt 0:02:08]} Rxe4 {[%emt 0:04:31]} 59. fxe4 {[%emt 0:00:01]} Qxg5 {[%emt 0:02:18]} 60. Nf3 {[%emt 0:00:47]} Qf4 {[%emt 0:03:55]} 61. Rxe2 {[%emt 0:00:40]} cxd4 {[%emt 0:00:27]} 62. e5 {[%emt 0:00:14]} Be3 {[%emt 0:00:23]} 63. Qc7+ {[%emt 0:00:26]} Qf7 {[%emt 0:00:30]} 64. Qc8 {[%emt 0:00:57]} Qd5 {[%emt 0:01:31]} 65. Rc2 {[%emt 0:00:26]} Kh7 {[%emt 0:00:53]} 66. Rc7+ {[%emt 0:00:19]} Rg7 {[%emt 0:00:09]} 67. Qf5+ {[%emt 0:00:12]} Kh8 {[%emt 0:01:02]} 68. Qh5+ {[%emt 0:00:14]} Kg8 {[%emt 0:00:15]} 69. Rc8+ {[%emt 0:00:09]} 1-0

[Event "Schachfestival Open-A 2018"]
[Site "Lueneburg"]
[Date "2018.07.06"]
[Round "2"]
[White "Simantsev, Mikhail"]
[Black "Marxen, Peter"]
[Result "1-0"]
[WhiteElo "2434"]
[BlackElo "2068"]
[Annotator "ChessBase"]
[PlyCount "50"]
[EventDate "2018.07.06"]
[EventType "swiss"]
[EventCountry "GER"]
[SourceTitle "playchess.com"]
[Source "ChessBase"]
[SourceQuality "1"]
[TimeControl "40/5400+30:1800+30"]

1. d4 {[%emt 0:13:30]} Nf6 {[%emt 0:00:42]} 2. c4 {[%emt 0:01:05]} e6 {[%emt 0:00:10]} 3. Nf3 {[%emt 0:01:42]} Bb4+ {[%emt 0:00:56]} 4. Nbd2 {[%emt 0:04:58]} O-O {[%emt 0:01:54]} 5. a3 {[%emt 0:00:13]} Be7 {[%emt 0:00:51]} 6. e3 {[%emt 0:02:38]} d5 {[%emt 0:00:22]} 7. Bd3 {[%emt 0:02:28]} c5 {[%emt 0:05:54]} 8. dxc5 {[%emt 0:12:07]} dxc4 {[%emt 0:02:14]} 9. Nxc4 {[%emt 0:01:28]} Bxc5 {[%emt 0:01:55]} 10. b4 {[%emt 0:04:58]} Be7 {[%emt 0:00:20]} 11. Bb2 {[%emt 0:00:04]} b6 {[%emt 0:13:33]} 12. O-O {[%emt 0:16:46]} Bb7 {[%emt 0:00:29]} 13. Qe2 {[%emt 0:01:37]} Nbd7 {[%emt 0:14:53]} 14. Rfd1 {[%emt 0:03:18]} Qc7 {[%emt 0:09:01]} 15. Rac1 {[%emt 0:00:48]} Qb8 {[%emt 0:09:32]} 16. Nce5 {[%emt 0:10:47]} Nxe5 {[%emt 0:00:26]} 17. Nxe5 {[%emt 0:00:14]} Rc8 {[%emt 0:01:54]} 18. b5 {[%emt 0:04:46]} Rxc1 {[%emt 0:03:58]} 19. Rxc1 {[%emt 0:00:02]} Qd6 {[%emt 0:04:25]} 20. Nc6 {[%emt 0:02:50]} Bf8 {[%emt 0:07:50]} 21. e4 {[%emt 0:01:49]} Qf4 {[%emt 0:02:37]} 22. Rc4 {[%emt 0:03:52]} Qh6 {[%emt 0:04:46]} 23. e5 {[%emt 0:00:53]} Nd5 {[%emt 0:05:20]} 24. Bc1 {[%emt 0:00:18]} g5 {[%emt 0:00:44]} 25. Bxg5 {[%emt 0:00:24]} Nc3 1-0

[Event "Schachfestival Open-A 2018"]
[Site "Lueneburg"]
[Date "2018.07.06"]
[Round "2"]
[White "Sriram, Jha"]
[Black "Popvasilev, Kaloyan"]
[Result "1-0"]
[WhiteElo "2409"]
[BlackElo "2020"]
[Annotator "ChessBase"]
[PlyCount "65"]
[EventDate "2018.07.06"]
[EventType "swiss"]
[EventCountry "GER"]
[SourceTitle "playchess.com"]
[Source "ChessBase"]
[SourceQuality "1"]
[TimeControl "40/5400+30:1800+30"]

1. Nf3 {[%emt 0:05:22]} Nf6 {[%emt 0:00:05]} 2. g3 {[%emt 0:00:24]} e6 {[%emt 0:00:36]} 3. Bg2 {[%emt 0:00:25]} d5 {[%emt 0:01:01]} 4. O-O {[%emt 0:00:17]} Nbd7 {[%emt 0:02:34]} 5. c4 {[%emt 0:01:54]} dxc4 {[%emt 0:01:56]} 6. Qa4 {[%emt 0:00:30]} a6 {[%emt 0:01:21]} 7. Qxc4 {[%emt 0:01:23]} c5 {[%emt 0:01:17]} 8. Qc2 {[%emt 0:01:00]} Qc7 {[%emt 0:03:40]} 9. d3 {[%emt 0:08:53]} b5 {[%emt 0:04:36]} 10. b3 {[%emt 0:28:53]} Bb7 {[%emt 0:02:09]} 11. Bb2 {[%emt 0:01:09]} Bd6 {[%emt 0:08:22]} 12. Nbd2 {[%emt 0:00:24]} O-O {[%emt 0:02:04]} 13. Rac1 {[%emt 0:01:38]} Rac8 {[%emt 0:01:01]} 14. Qb1 {[%emt 0:00:25]} Qb8 {[%emt 0:05:23]} 15. Qa1 {[%emt 0:02:31]} Qa8 {[%emt 0:04:08]} 16. Rfd1 {[%emt 0:01:46]} Rfd8 {[%emt 0:01:34]} 17. e4 {[%emt 0:10:52]} Be7 {[%emt 0:06:35]} 18. Ne1 {[%emt 0:00:23]} Nb8 {[%emt 0:06:35]} 19. e5 {[%emt 0:16:17]} Ne8 {[%emt 0:11:58]} 20. Ne4 {[%emt 0:03:18]} c4 {[%emt 0:11:41]} 21. bxc4 {[%emt 0:00:05]} bxc4 {[%emt 0:00:23]} 22. Qb1 {[%emt 0:00:18]} cxd3 {[%emt 0:07:51]} 23. Rxc8 {[%emt 0:00:03]} Rxc8 {[%emt 0:01:02]} 24. Qxd3 {[%emt 0:00:11]} Nc6 {[%emt 0:01:35]} 25. Qe3 {[%emt 0:05:03]} Na5 {[%emt 0:03:43]} 26. Qf4 {[%emt 0:02:58]} Rd8 {[%emt 0:03:09]} 27. Nd6 {[%emt 0:01:37]} Nxd6 {[%emt 0:01:08]} 28. exd6 {[%emt 0:00:17]} Bf8 {[%emt 0:00:24]} 29. Nf3 {[%emt 0:01:57]} Nc4 {[%emt 0:05:32]} 30. Ng5 {[%emt 0:01:19]} Bxg2 {[%emt 0:00:34]} 31. Qxf7+ {[%emt 0:00:24]} Kh8 {[%emt 0:00:03]} 32. Qxe6 {[%emt 0:01:40]} h6 {[%emt 0:01:21]} 33. Qxh6+ {[%emt 0:00:04]} 1-0

[Event "Schachfestival Open-A 2018"]
[Site "Lueneburg"]
[Date "2018.07.06"]
[Round "2"]
[White "Bente, Bjoern"]
[Black "Wobbe, Sven"]
[Result "1-0"]
[WhiteElo "2219"]
[BlackElo "2049"]
[Annotator "NA"]
[PlyCount "65"]
[EventDate "2018.07.06"]
[EventType "swiss"]
[EventCountry "GER"]
[SourceTitle "playchess.com"]
[Source "ChessBase"]
[SourceQuality "1"]
[TimeControl "40/5400+30:1800+30"]

1. e4 {[%emt 0:00:00]} c5 {[%emt 0:00:00]} 2. Nf3 {[%emt 0:00:00]} e6 {[%emt 0:00:25]} 3. d4 {[%emt 0:00:00]} cxd4 {[%emt 0:00:08]} 4. Nxd4 {[%emt 0:00:00]} a6 {[%emt 0:00:17]} 5. Nc3 {[%emt 0:00:06]} Qc7 {[%emt 0:01:30]} 6. g3 {[%emt 0:00:08]} Nf6 {[%emt 0:02:42]} 7. Bg2 {[%emt 0:00:05]} Be7 {[%emt 0:05:06]} 8. O-O {[%emt 0:00:08]} d6 {[%emt 0:01:02]} 9. f4 {[%emt 0:05:40]} Nc6 {[%emt 0:05:50]} 10. Nb3 {[%emt 0:01:42]} O-O {[%emt 0:01:23]} 11. g4 {[%emt 0:01:58]} Nd7 {[%emt 0:14:02]} 12. Be3 {[%emt 0:06:14]} b5 {[%emt 0:04:46]} 13. Qe1 {[%emt 0:01:57]} Bb7 {[%emt 0:02:39]} 14. Rd1 {[%emt 0:02:23]} Nb6 {[%emt 0:06:26]} 15. Qg3 {[%emt 0:03:19]} Nc4 {[%emt 0:01:09]} 16. Bc1 {[%emt 0:00:03]} Rad8 {[%emt 0:08:41]} 17. g5 {[%emt 0:00:54]} Rfe8 {[%emt 0:02:54]} 18. f5 {[%emt 0:08:46]} N6e5 {[%emt 0:01:12]} 19. fxe6 {[%emt 0:02:57]} fxe6 {[%emt 0:00:57]} 20. Nd4 {[%emt 0:00:05]} Bc8 {[%emt 0:04:15]} 21. Kh1 {[%emt 0:04:05]} Na5 {[%emt 0:10:45]} 22. Nce2 {[%emt 0:03:35]} Nac6 {[%emt 0:00:47]} 23. c3 {[%emt 0:00:29]} Bf8 {[%emt 0:07:17]} 24. Nf4 {[%emt 0:01:38]} g6 {[%emt 0:02:05]} 25. Bh3 {[%emt 0:01:04]} Nxd4 {[%emt 0:09:22]} 26. cxd4 {[%emt 0:01:08]} Nc4 {[%emt 0:00:35]} 27. d5 {[%emt 0:01:04]} e5 {[%emt 0:04:23]} 28. Ne6 {[%emt 0:00:08]} Bxe6 {[%emt 0:00:52]} 29. Bxe6+ {[%emt 0:00:10]} Kh8 {[%emt 0:00:18]} 30. Rf7 {[%emt 0:00:35]} Re7 {[%emt 0:00:46]} 31. Rdf1 {[%emt 0:00:42]} Rxf7 {[%emt 0:02:11]} 32. Rxf7 {[%emt 0:00:08]} Be7 {[%emt 0:00:38]} 33. Rxh7+ {[%emt 0:00:24]} 1-0

[Event "Schachfestival Open-A 2018"]
[Site "Lueneburg"]
[Date "2018.07.06"]
[Round "2"]
[White "Ngo, Minh Duc"]
[Black "Harringer, Manfred"]
[Result "1-0"]
[WhiteElo "2191"]
[BlackElo "1998"]
[Annotator "NA"]
[PlyCount "131"]
[EventDate "2018.07.06"]
[EventType "swiss"]
[EventCountry "GER"]
[SourceTitle "playchess.com"]
[Source "ChessBase"]
[SourceQuality "1"]
[TimeControl "40/5400+30:1800+30"]

1. e4 {[%emt 0:00:00]} e5 {[%emt 0:00:00]} 2. Nf3 {[%emt 0:00:00]} Nc6 {[%emt 0:00:00]} 3. Bb5 {[%emt 0:00:00]} a6 {[%emt 0:00:00]} 4. Ba4 {[%emt 0:00:00]} Nf6 {[%emt 0:00:30]} 5. O-O {[%emt 0:00:00]} b5 {[%emt 0:01:17]} 6. Bb3 {[%emt 0:00:00]} Bc5 {[%emt 0:00:03]} 7. d3 {[%emt 0:00:33]} d6 {[%emt 0:00:59]} 8. c3 {[%emt 0:00:14]} Ba7 {[%emt 0:01:52]} 9. a4 {[%emt 0:02:18]} O-O {[%emt 0:11:48]} 10. h3 {[%emt 0:02:04]} h6 {[%emt 0:04:17]} 11. Na3 {[%emt 0:00:10]} b4 {[%emt 0:02:09]} 12. Nc2 {[%emt 0:00:03]} bxc3 {[%emt 0:07:30]} 13. bxc3 {[%emt 0:00:08]} d5 {[%emt 0:01:07]} 14. Qe2 {[%emt 0:01:32]} Be6 {[%emt 0:07:48]} 15. Ba3 {[%emt 0:04:35]} Re8 {[%emt 0:06:45]} 16. Nd2 {[%emt 0:03:39]} Na5 {[%emt 0:06:06]} 17. Ba2 {[%emt 0:01:54]} Qd7 {[%emt 0:02:22]} 18. Nf3 {[%emt 0:02:47]} dxe4 {[%emt 0:02:17]} 19. Nxe5 {[%emt 0:00:57]} exd3 {[%emt 0:02:35]} 20. Qf3 {[%emt 0:07:16]} Qc8 {[%emt 0:01:46]} 21. Nxd3 {[%emt 0:03:11]} Bxa2 {[%emt 0:01:49]} 22. Rxa2 {[%emt 0:00:05]} Nc4 {[%emt 0:00:40]} 23. Nd4 {[%emt 0:01:29]} Qd7 {[%emt 0:01:53]} 24. Bc5 {[%emt 0:06:03]} Qd5 {[%emt 0:04:43]} 25. Bxa7 {[%emt 0:01:24]} Rxa7 {[%emt 0:00:32]} 26. Qxd5 {[%emt 0:03:06]} Nxd5 {[%emt 0:00:05]} 27. Nc5 {[%emt 0:00:27]} Raa8 {[%emt 0:07:20]} 28. Rc2 {[%emt 0:00:50]} Reb8 {[%emt 0:01:30]} 29. Rd1 {[%emt 0:02:54]} Rb2 {[%emt 0:01:52]} 30. Rxb2 {[%emt 0:00:36]} Nxb2 {[%emt 0:00:06]} 31. Rb1 {[%emt 0:00:11]} Nc4 {[%emt 0:01:12]} 32. Kh2 {[%emt 0:01:25]} Nd6 {[%emt 0:02:41]} 33. Rb3 {[%emt 0:02:36]} Kf8 {[%emt 0:05:23]} 34. Nc6 {[%emt 0:00:12]} Ne7 {[%emt 0:03:05]} 35. Ne5 {[%emt 0:05:32]} Ke8 {[%emt 0:02:27]} 36. a5 {[%emt 0:02:15]} Kd8 {[%emt 0:04:12]} 37. Rb1 {[%emt 0:01:58]} Kc8 {[%emt 0:02:56]} 38. Re1 {[%emt 0:01:21]} Kd8 {[%emt 0:02:45]} 39. Re2 {[%emt 0:02:35]} Rb8 {[%emt 0:01:24]} 40. Nxa6 {[%emt 0:00:32]} Ra8 {[%emt 0:01:22]} 41. Nb4 {[%emt 0:32:02]} c5 {[%emt 0:01:00]} 42. Nc2 {[%emt 0:00:00]} Rxa5 {[%emt 0:01:41]} 43. Rd2 {[%emt 0:00:00]} Ra6 {[%emt 0:04:05]} 44. Nxf7+ {[%emt 0:00:00]} Kd7 {[%emt 0:01:20]} 45. Ne5+ {[%emt 0:00:00]} Ke6 {[%emt 0:00:27]} 46. Nd3 {[%emt 0:00:00]} Rc6 {[%emt 0:02:11]} 47. Re2+ {[%emt 0:00:00]} Kf6 {[%emt 0:00:23]} 48. Ne3 {[%emt 0:00:00]} Ng6 {[%emt 0:05:57]} 49. Nd5+ {[%emt 0:00:00]} Kf7 {[%emt 0:00:26]} 50. h4 {[%emt 0:00:00]} c4 {[%emt 0:07:45]} 51. N3b4 {[%emt 0:00:00]} Rc5 {[%emt 0:01:33]} 52. h5 {[%emt 0:00:00]} Nh4 {[%emt 0:00:33]} 53. g4 {[%emt 0:00:00]} Nf3+ {[%emt 0:00:52]} 54. Kg3 {[%emt 0:00:00]} Ng5 {[%emt 0:01:40]} 55. Re7+ {[%emt 0:00:00]} Kf8 {[%emt 0:00:05]} 56. f3 {[%emt 0:00:00]} Nb5 {[%emt 0:02:07]} 57. Rb7 {[%emt 0:00:00]} Nd6 {[%emt 0:01:24]} 58. Rd7 {[%emt 0:00:00]} Ngf7 {[%emt 0:00:20]} 59. Nf4 {[%emt 0:00:00]} Ke8 {[%emt 0:00:53]} 60. Ra7 {[%emt 0:00:00]} Re5 {[%emt 0:01:21]} 61. Ng6 {[%emt 0:00:00]} Re3 {[%emt 0:00:47]} 62. Nd5 {[%emt 0:00:00]} Rd3 {[%emt 0:00:33]} 63. Ngf4 {[%emt 0:00:00]} Ne4+ {[%emt 0:01:00]} 64. Kh4 {[%emt 0:00:00]} Rxf3 {[%emt 0:01:18]} 65. Ne6 {[%emt 0:00:00]} Neg5 {[%emt 0:00:51]} 66. Re7# {[%emt 0:00:00]} 1-0

[Event "Schachfestival Open-A 2018"]
[Site "Lueneburg"]
[Date "2018.07.06"]
[Round "2"]
[White "Wagner, Benjamin"]
[Black "Mirzoev, Azer"]
[Result "0-1"]
[WhiteElo "2111"]
[BlackElo "2506"]
[Annotator "TA"]
[PlyCount "126"]
[EventDate "2018.07.06"]
[EventType "swiss"]
[EventCountry "GER"]
[SourceTitle "playchess.com"]
[Source "ChessBase"]
[SourceQuality "1"]

{[%evp 20,126,19,22,10,16,13,26,22,20,56,50,50,26,62,54,54,46,23,23,23,25,19,21,37,12,21,8,54,0,42,32,36,0,64,46,50,45,66,-22,73,0,0,0,53,38,53,53,52,45,38,43,60,23,33,0,0,0,0,0,0,0,0,0,0,0,0,0,0,1,0,5,66,0,40,0,0,0,0,0,25,26,27,45,56,32,25,25,46,22,22,0,0,0,0,0,0,-41,-20,-101,-5,-204,-188,-345,-356,-6590,-6327,-6594,-6325]} 1. e4 e5 2. Nf3 Nc6 3. Bc4 Bc5 4. c3 Nf6 5. d3 Bb6 6. Bb3 d6 7. Nbd2 {C54: Italienische Partie (Hauptvariante)} Ne7 8. Nf1 Ng6 9. Ng3 O-O 10. O-O h6 11. Re1 {LiveBook: 9 Partien} Re8 12. h3 c6 {[%cal Bc7c6,Bc6c5][%mdl 32]} 13. d4 {[%cal Bd3d4,Bd4d5][%mdl 32]} Be6 {[#]} 14. Bc2 $146 c5 15. d5 Bd7 16. Ba4 Rc8 17. c4 Ba5 18. Rf1 a6 19. Bxd7 Qxd7 20. Bd2 Bxd2 21. Nxd2 Ne7 22. Rc1 {[%cal Ba1c1,Bc1c3,Bc3a3][%mdl 32]} b5 23. Rc3 Qd8 24. Qe2 (24. cxb5 $14 axb5 25. a4) 24... Rb8 (24... b4 $5 {[%cal Rb4c3]} 25. Re3 Ng6 $11) 25. Ra3 Rb6 26. Rb3 {[%cal Rc4b5]} Qd7 (26... b4 $11) 27. a4 {[%cal Rc4b5]} Reb8 28. axb5 axb5 29. Ra1 (29. f4 $14) 29... Ng6 (29... b4 $11) 30. Nf5 (30. cxb5 $16 Nf4 31. Qf1) 30... Nf4 $11 31. Qf3 Kh7 ({Günstiger ist} 31... b4 $11) 32. Rba3 g6 33. Ne3 b4 34. Ra7 R8b7 35. Ra8 Kg7 36. Nb3 {[%cal Bd2b3,Bb3a5,Ba5c6][%mdl 32]} Rc7 37. Na5 Ra7 38. Nc6 Rxa1+ 39. Rxa1 Qc8 40. Ra7 Rb7 {[#] Und ...Txa7 würde nun gewinnen.} 41. Ra5 Rc7 42. Kh2 Nh7 {und nun wäre ...Sg5 stark für Schwarz.} 43. h4 Nf6 44. Kh1 {[%cal Bh2h1,Bh1g1,Bg1g2][%mdl 32]} Rb7 45. Kg1 b3 ({Besser ist} 45... Rc7 $11) 46. g3 (46. Nf1 $14) 46... Nd3 47. Nd1 (47. Qe2 {feels hotter.} Nb4 48. Nxb4 Rxb4 49. Qd3 Qd7 50. Ra3) 47... Nb4 48. Nxb4 Rxb4 49. Qd3 Rb8 {[%cal Bb4b8,Bb8a8,Ba8a1][%mdl 32]} 50. Kg2 Ra8 $1 {[%cal Ra8a5]} 51. Rb5 Ra1 52. f3 Qa6 {zielt auf ...Tc1 ab.} 53. Rxb3 Qa4 54. Nf2 Qa2 55. Ra3 Qxb2 56. Rxa1 Qxa1 57. Qb3 Qa7 58. Qc3 Qa2 59. Kg1 (59. Kf1 $1 $11 {hält das Gleichgewicht.}) 59... h5 (59... Nd7 $17 {Weiss sollte ...Sb6 verhindern.} 60. Nd3 Qb1+ 61. Ne1 Nb6) 60. Kg2 $2 (60. Kf1 $1 $11 {und Weiss muss sich keine Sorgen machen.}) 60... Nd7 $19 61. f4 $2 (61. Qd3) 61... Nf6 62. Kf3 $2 {[#]} (62. Qe3 Ng4 63. Qe1) 62... Qxf2+ $1 {[%mdl 512]} 63. Kxf2 Nxe4+ {Precision: Weiß = 37%, Schwarz = 48%.} 0-1

[Event "Schachfestival Open-A 2018"]
[Site "Lueneburg"]
[Date "2018.07.06"]
[Round "2"]
[White "Kornitzky, Tino"]
[Black "Karpatchev, Aleksandr"]
[Result "0-1"]
[WhiteElo "2104"]
[BlackElo "2469"]
[Annotator "ChessBase"]
[PlyCount "90"]
[EventDate "2018.07.06"]
[EventType "swiss"]
[EventCountry "GER"]
[SourceTitle "playchess.com"]
[Source "ChessBase"]
[SourceQuality "1"]
[TimeControl "40/5400+30:1800+30"]

1. d4 {[%emt 0:00:00]} d5 {[%emt 0:00:15]} 2. c4 {[%emt 0:00:00]} dxc4 {[%emt 0:00:12]} 3. e3 {[%emt 0:00:00]} e5 {[%emt 0:00:36]} 4. Bxc4 {[%emt 0:00:01]} Nc6 {[%emt 0:00:05]} 5. Nf3 {[%emt 0:00:47]} e4 {[%emt 0:00:07]} 6. Nfd2 {[%emt 0:02:08]} Qg5 {[%emt 0:00:07]} 7. g3 {[%emt 0:10:30]} Qg6 {[%emt 0:00:07]} 8. Nc3 {[%emt 0:01:32]} Nf6 {[%emt 0:00:12]} 9. a3 {[%emt 0:05:07]} Bd6 {[%emt 0:03:05]} 10. Qc2 {[%emt 0:03:39]} O-O {[%emt 0:12:44]} 11. O-O {[%emt 0:15:06]} Bf5 {[%emt 0:04:08]} 12. Re1 {[%emt 0:03:05]} h5 {[%emt 0:12:56]} 13. Bf1 {[%emt 0:05:18]} h4 {[%emt 0:10:50]} 14. Bg2 {[%emt 0:04:59]} Rfe8 {[%emt 0:03:24]} 15. Ne2 {[%emt 0:06:05]} Ng4 {[%emt 0:18:51]} 16. b3 {[%emt 0:06:08]} Qf6 {[%emt 0:05:15]} 17. Bb2 {[%emt 0:05:44]} Bh7 {[%emt 0:10:22]} 18. Rf1 {[%emt 0:06:06]} hxg3 {[%emt 0:00:39]} 19. hxg3 {[%emt 0:01:24]} Qh6 {[%emt 0:01:17]} 20. Rfe1 {[%emt 0:03:02]} Qh2+ {[%emt 0:06:29]} 21. Kf1 {[%emt 0:00:49]} Nf6 {[%emt 0:00:15]} 22. Nc4 {[%emt 0:02:22]} Bf5 {[%emt 0:01:02]} 23. Ng1 {[%emt 0:03:17]} Qh5 {[%emt 0:02:43]} 24. Nxd6 {[%emt 0:03:05]} cxd6 {[%emt 0:00:01]} 25. Rec1 {[%emt 0:02:35]} Ng4 {[%emt 0:00:18]} 26. Qc3 {[%emt 0:01:40]} d5 {[%emt 0:00:21]} 27. Qc5 {[%emt 0:02:12]} Rad8 {[%emt 0:00:31]} 28. b4 {[%emt 0:00:49]} Nh2+ {[%emt 0:01:25]} 29. Ke1 {[%emt 0:00:03]} Nf3+ {[%emt 0:00:14]} 30. Bxf3 {[%emt 0:02:56]} exf3 {[%emt 0:00:01]} 31. Kd2 {[%emt 0:00:46]} Be4 {[%emt 0:01:40]} 32. Qb5 {[%emt 0:01:54]} Re7 {[%emt 0:00:36]} 33. Qf1 {[%emt 0:00:21]} Bf5 {[%emt 0:00:32]} 34. Rc5 {[%emt 0:00:40]} Bg4 {[%emt 0:00:34]} 35. Rac1 {[%emt 0:00:50]} a6 {[%emt 0:01:22]} 36. Kc2 {[%emt 0:00:48]} Na7 {[%emt 0:01:08]} 37. Kb1 {[%emt 0:01:01]} Nb5 {[%emt 0:00:09]} 38. Ka2 {[%emt 0:00:36]} Nd6 {[%emt 0:00:22]} 39. Qe1 {[%emt 0:01:11]} Ne4 {[%emt 0:01:23]} 40. Rc7 {[%emt 0:00:23]} Rxc7 {[%emt 0:01:06]} 41. Rxc7 {[%emt 0:30:41]} Rc8 {[%emt 0:31:51]} 42. Rxc8+ {[%emt 0:00:00]} Bxc8 {[%emt 0:00:00]} 43. Qc1 {[%emt 0:00:00]} Bg4 {[%emt 0:00:00]} 44. Qc7 {[%emt 0:00:00]} Nxf2 {[%emt 0:00:00]} 45. Qxb7 {[%emt 0:00:00]} Nd1 {[%emt 0:00:00]} 0-1

[Event "Schachfestival Open-A 2018"]
[Site "Lueneburg"]
[Date "2018.07.06"]
[Round "2"]
[White "Drozdowski, Konrad"]
[Black "Genov, Petar"]
[Result "0-1"]
[WhiteElo "2076"]
[BlackElo "2435"]
[Annotator "TA"]
[PlyCount "80"]
[EventDate "2018.07.06"]
[EventType "swiss"]
[EventCountry "GER"]
[SourceTitle "playchess.com"]
[Source "ChessBase"]
[SourceQuality "1"]

{[%evp 23,80,24,16,11,20,13,33,23,35,0,0,-9,-5,-19,6,-3,8,-14,-17,-16,24,0,9,-31,-39,-29,-35,-135,-115,-110,-91,-235,-216,-340,-342,-342,-327,-310,-216,-217,-220,-219,-225,-419,-272,-621,-333,-300,-301,-314,-314,-369,-372,-522,-414,-401,-396,-652,-400]} 1. e4 c5 2. Nf3 e6 3. d4 cxd4 4. Nxd4 Nc6 5. Nb5 d6 6. c4 Nf6 7. N5c3 Be7 8. Be2 a6 9. O-O O-O 10. Be3 b6 11. f4 {B44: Sicilian: Taimanov: 5 Nb5} (11. Nd2 Ne5 12. f4 Ned7 13. a3 Bb7 14. b4 Rc8 15. Rc1 Qc7 16. Re1 Qb8 17. Bd3 Rfe8 18. Nb3 Bd8 19. Kh1 {1-0 (52) Popov,V (2555)-Grachev,B (2666) St Petersburg 2015}) 11... Bb7 12. Bf3 Rc8 {LiveBook: 4 Games} 13. Qe2 {The position is equal.} Nd7 14. Na3 Qc7 15. Rac1 Nc5 {[#]} 16. Nc2 $146 ({Predecessor:} 16. Rfd1 Qb8 17. Nab1 Bf6 18. Bf2 Rfd8 19. h4 Ba8 20. Rc2 {0-1 (41) Tong,Y (2510)-Lin,Y (2230) China 2005}) 16... Bf6 17. Nd1 Ne7 18. Bf2 Ng6 19. g3 Rfe8 20. b4 Na4 $36 {[%mdl 2048] Black has some pressure.} 21. Nce3 Qb8 (21... b5 $5) 22. Ng4 Be7 23. Bd4 e5 24. Be3 {[#] Hoping for f5.} exf4 25. Bxf4 (25. gxf4 $15 Bc6 26. f5) 25... Nxf4 $17 26. gxf4 d5 {[%cal Bd6d5,Bd5e4][%mdl 32] White must now prevent ...dxe4.} 27. Ne5 (27. e5 $17) 27... dxe4 28. Bg4 (28. Bh5 $142 g6 29. Bg4) 28... Bxb4 $19 29. Bxc8 Qxc8 (29... Rxc8 30. Ne3 $17) 30. Ne3 f6 31. N5g4 Nc5 {[%cal Ba4c5,Bc5d3,Bd3e1][%mdl 32]} 32. Nd5 Nd3 33. Qg2 $2 {[#]} (33. Nxb4 Nxc1 34. Rxc1 Qc5+ 35. Ne3 Qxb4 36. Rd1) 33... Kh8 ({Less strong is} 33... Nxc1 34. Ngxf6+ Kh8 35. Nxe8 $17) 34. Rc2 $2 (34. Nxb4 Qc5+ 35. Kh1 Nxc1 36. Rxc1 Qxb4 37. Ne3) 34... Ne1 35. Rxe1 Bxe1 36. Nge3 Ba5 37. Qg3 Qd7 38. Rg2 (38. Qg4 $142 Qxg4+ 39. Nxg4) 38... Bxd5 39. cxd5 Bb4 40. Nf5 $2 (40. Qg4 Qf7 41. Kf1) 40... Bf8 {Precision: White = 27%, Black = 51%.} 0-1